|
|
|
|
| LEADER |
00000cam a2200000 7i4500 |
| 001 |
0000057176 |
| 005 |
20070517.0 |
| 008 |
070517s2006 |
| 020 |
|
|
|a 9831585356
|
| 090 |
0 |
0 |
|a R 425 SHA
|
| 100 |
0 |
|
|a Sharon Chieng Su Wei
|
| 245 |
1 |
0 |
|a Smart Bahasa Inggeris SPM Form 4 & 5
|c Sharon Chieng Su Wei
|
| 260 |
|
|
|a Petaling Jaya :
|b Preston Corporation Sdn Bhd ,
|c 2006
|
| 300 |
|
|
|a iii,369p. :
|b ill. ;
|c 27cm.
|
| 650 |
0 |
0 |
|a English Language
|
| 999 |
|
|
|a 276645
|b Buku
|c Koleksi Peperiksaan
|e Perbadanan Perpustakaan Awam Melaka
|
| 999 |
|
|
|a 276646
|b Buku
|c Koleksi Peperiksaan
|e Perbadanan Perpustakaan Awam Melaka
|